000 01212nas a2200349 4500
001 BR2012003845
003 BR-BrBNA
005 20231205120643.0
007 ta
008 230509b bl.|||p| |||| 00| 00por d
040 _aBR-BrBNA
_bpor
_cBiblioteca Nacional de Agricultura
041 _a(Pt)
072 _aF50; F60
100 1 _aGoulart, S.L.
100 1 _aMori, F.A.
100 1 _aRibeiro, A. de O.
100 1 _aCouto, A.M.
100 1 _aArantes, M.D.C.
100 1 _aMendes, L.M.
245 1 _aAnálises químicas e densidade básica da madeira de raiz, fuste e galho de barbatimão [(Stryphnodendron adstringens ) Coville]de bioma Cerrado
246 1 _aChemical analyses and basic wood density in the root, stem and branch portions of barbatimão [(Stryphnodendron adstringens ) Coville]from the Cerrado biome
650 _aBARBATIMÃO
650 _aMADEIRA
650 _aPROPRIEDADE FÍSICO-QUÍMICA
650 _aDENSIDADE DA MADEIRA
650 _aANÁLISE QUÍMICA
650 _aCERRADO
650 _aXILEMA
773 0 _tCerne (Brazil)
_xISSN 0104-7760
_g(Jan-Mar 2012), v. 18(1) p. 59-66
_wBR2012003845
909 _a202311
_bLúcia
_c55
_dLúcia Elande
942 _2AGRIS
_n0
_cANA
999 _c219589
_d219589